10 to 1: South Park Characters Quiz Stats

 Plays Quiz Updated Jun 26, 2017

Support Sporcle.
Go Orange.
Score 0/55 Timer 10:00
22 Plays Today
% Correct
Eric Cartman
94.6%
Kenny McCormick
93.2%
Kyle Broflovski
92.9%
Butters Stotch
90.9%
Stan Marsh
88.7%
Token Black
82.3%
Beavery the Beaver
82.1%
Wendy Testaburger
82%
Beary the Bear
81.8%
Bebe Stevens
81.5%
Mr. Mackey
81.3%
Jimmy Valmer
79.5%
Principal Victoria
79.3%
Randy Marsh
78.7%
Gerald Broflovski
78.5%
Deery the Deer
78.1%
Stuart McCormick
77.5%
Herbert Garrison
77.1%
Stephen Stotch
76.9%
Chef
75.3%
Skunky the Skunk
75.3%
Aslan the Lion
75.2%
Philip
74.6%
Terrance
74.4%
Gandalf the Grey
74.3%
Raccoony the Raccoon
74.1%
Nurse Gollum
73.8%
Tweek Tweak
73%
% Correct
Porcupiney the Porcupine
72.9%
Steve Black
72.2%
Thomas Tucker
72%
Mr. Hankey
70.9%
Luke Skywalker
70.6%
Glinda the Good Witch
70%
Squirrely the Squirrel
69.5%
Wonder Woman
68.8%
Diane Choksondik
68.1%
Jesus Christ
68.1%
Frog King
68%
The Coon
65.9%
Mysterion
65.8%
Veronica Crabtree
65.7%
Zeus
64%
Woodpeckery the Woodpecker
63.4%
Morpheus
61.4%
Popeye
60.1%
Catatafish
59.4%
Sparrow Prince
59.3%
Hoppy the Badger
57.9%
Sexual Harrasment Panda
56.8%
Oinky the Pig
53.1%
Mint-Berry Crunch
53.1%
Willy, the Don't Stare Into the Sun Worm
51.1%
Iron Maiden
50.1%
Tupperware
48.5%

You're not logged in!

Compare scores with friends on all Sporcle quizzes.
OR
Log In
Forgot?

From the Vault

Starts with G, Ends with I

by caramba

If BINGO gets stuck in your head that wouldn't really make sense, but don't say we didn't warn you.
Remove Ads.
Support Sporcle.
Get the best of Sporcle when you Go Orange. This ad-free experience offers more features, more stats, and more fun while also helping to support Sporcle. Thank you for becoming a member.

Show Comments

Extras

Top Quizzes Today


Score Distribution

Your Account Isn't Verified!

In order to create a playlist on Sporcle, you need to verify the email address you used during registration. Go to your Sporcle Settings to finish the process.

Report this User

Report this user for behavior that violates our Community Guidelines.

Details: